kku e-library facility

Experimental Physics (Record no. 186)

MARC details
000 -LEADER
fixed length control field 00371nam a22001337a 4500
005 - DATE AND TIME OF LATEST TRANSACTION
control field 20260313090505.0
008 - FIXED-LENGTH DATA ELEMENTS--GENERAL INFORMATION
fixed length control field 260313b |||||||| |||| 00| 0 eng d
020 ## - INTERNATIONAL STANDARD BOOK NUMBER
International Standard Book Number 9789352696482
100 ## - MAIN ENTRY--PERSONAL NAME
Personal name Kumar Sarvendra
245 ## - TITLE STATEMENT
Title Experimental Physics
Statement of responsibility, etc. /Sarvendra Kumar
260 ## - PUBLICATION, DISTRIBUTION, ETC.
Place of publication, distribution, etc. New Delhi;
Name of publisher, distributor, etc. Random Publications;
Date of publication, distribution, etc. 2020
300 ## - PHYSICAL DESCRIPTION
Extent viii, 298p. ill;
Dimensions 24cm
942 ## - ADDED ENTRY ELEMENTS (KOHA)
Source of classification or shelving scheme Dewey Decimal Classification
Koha item type Books
Suppress in OPAC No

No items available.

©2025 All rights reserved. KKU